=LDR 00000nam 2200000 4500 =001 INLIS000000000043557 =005 20141023120342.0 =006 =007 =008 ind =035 ##$$0010-101300000001479 =041 ##$$a ind =082 ##$$a 810 =090 ##$$a 810, Ram a =100 ##$$a Rampar, Karrie Layun =245 ##$$a Angkatan 2000 dalam sastra Indonesia, Karrie Layun Rampan =260 ##$$a 2000 $b Jakarta =300 ##$$a iv, 782 hlm, 23 cm =650 ##$$a Kesusastraan Indonesia =850 ##$$a NBPNMAT =990 ##$$a 0001/BPAP-NTB/20142015 =990 ##$$a 2090100717/BPAP-NTB/2015 =990 ##$$a 0001/BPAP-NTB/2016 =990 ##$$a 0001/BPAP-NTB/2016 =990 ##$$a 0001/BPAP-NTB/2016 =990 ##$$a 20613274 =990 ##$$a 0001/BPAP-NTB/20142014 =990 ##$$a 2090100717/BPAP-NTB/2015 =990 ##$$a 0001/BPAP-NTB/2016 =990 ##$$a 0001/BPAP-NTB/2016 =990 ##$$a 0001/BPAP-NTB/2016